00360nam a22001457a 4500003000500000020000900005038001100014082001800025100001700043245003300060260003700093300001300130880003400143880003700177NUST qH/B. awaseem a891.4390bBAN aBano, Shanaz aWatan Ki Beti /cShanaz Bano aKarachi :bAgai matobate,c2019. a304 p. ; 6100-01\raشہناز بانو 6245-02\raوطن کی بیٹی /